01800cam a22003854i 4500003000900000005001700009008004100026035001900067040003300086082002000119100006000139245011600199264006400315300006300379336002100442337002500463338002300488500002000511505071700531526001001248526001001258526000901268526000901277526000901286526000901295526000901304526000901313526000901322526000801331526000801339526000801347526000801355526000801363650004301371PE-LiUPU20250731165519.0150623s r 000 0 d a(Sirsi) a26530 aPE-LiUPUbspacPE-LiUPUerda04a985.41bM192211 aMálaga Núñez-Zeballos, Alejandro,d1967-,eautor.10aHistoria de la virgen candelaria en el obispado de Arequipa S. XVI-XX /cAlejandro Málaga Núñez-Zeballos. 1aArequipa :bUniversidad Católica de Santa María,c2000. a135 páginas :bilustraciones fotos, gráficos ;c20 cm. atext2rdacontent aunmediated2rdamedia avolume2rdacarrier aTexto apaisado.0 aMensaje: Excelentísimo monseñor Fernando Vargas Ruiz de Somocurcio S. J. Arzobispo emérito de Arequipa.- Voz de aliento: Excelentísimo monseñor Severo Aparicio presidente de la Academia Peruana de Historia Eclesiástica. Presentación: Doctor Luis Carpio Ascuña. Excelentísimo señor rector de la Universidad Católica de Santa María. Prólogo: Doctor Luis Millones. La entronización de Santa María. Las Islas Canarias y su patrona. María llega a América. El cuntisuyu y el obispado de Arequipa. San Miguel Arcángel de Caima. De Copacabana a San Juan Bautista de Characato. La mamita de Chapi y sus hermanas. El mar, un puerto y la virgen en Quilca. La devoción de los Collaguas. aSEG44 aSEG26 aP151 aP150 aP149 aP146 aP145 aP126 aP125 aP92 aP75 aP74 aP27 aP1504aVirgen CandelariaxhistoriazArequipa.